000 00301nam a22001337a 4500
008 210224b ||||| |||| 00| 0 eng d
020 _a0256022003
041 _aeng
080 _a159.9
100 _a48
101 _aPSI
245 _aUnderstanding Social Psychology
_cJeffrey,E.W
942 _2udc
_cBK
999 _c55133
_d55133